Stoke City Trivia - Statistics

General Stats
  • This quiz has been taken 26 times
  • The average score is 9 of 15
Answer Stats
Question Answer % Correct
What is the name of Stoke City’s stadium? bet365 Stadium
100%
What is Stoke City’s nickname? The {Potters}
100%
Who is the current manager of Stoke City? Mark Robins
82%
With which club does Stoke City contest the Potteries Derby? Port Vale
82%
Which Stoke City player assisted a record five Premier League goals from throw-ins? Rory Delap
77%
Which Stoke City legend retired from league football aged 50 and is the only active footballer to be knighted? Stanley Matthews
73%
Which Stoke City manager guided them to Premier League promotion in 2008? Tony Pulis
73%
Who is the current captain of Stoke City? Ben Gibson
59%
From 1878 to 1997, Stoke City played at which ground? Victoria Ground
50%
Who is Stoke City’s record sale, joining West Ham United for £20m in 2017? Marko Arnautović
45%
Which club did Stoke City beat 2-1 in the 1972 League Cup Final? Chelsea
41%
Who is Stoke City’s record signing, arriving from FC Porto for £18.3m in 2016? Giannelli Imbula
41%
Who managed Stoke City from 1960 and 1977, guiding the club to the 1962/63 Second Division title and the 1972 League Cup? Tony Waddington
23%
Which Englishman is Stoke City’s record goalscorer with 176? John Ritchie
18%
Which Englishman is Stoke City’s record appearance-maker with 597? Eric Skeels
14%
No matching quizzes found
Score Distribution
Percent of People with Each Score
Percentile by Number Answered
Your Score History
You have not taken this quiz